000 00548nam a22001817a 4500
005 20251108164112.0
008 250721s1997 xx 000 0 ara d
082 1 4 _a909.4924/فتا
100 1 _aفتاح، عرفان
245 1 0 _aاليهودية :
_bعرض تاريخي و الحركات الحديثة في اليهودية /
264 1 _aعمان :
_bدار عمار،
_c1997.
300 _a212ص
650 1 7 _aالتاريخ
650 1 7 _aاليهودية
650 1 7 _aالحياة الدينية
942 _2ddc
_cBK
999 _c3664
_d3664